Retail Plus - prínos pre klienta i banku

Informácia o informačnom systéme Priemyselnej banky - skutočná on-line služba v oblasti korunových účtov. Výber a implementácia systému. Systém Retail Plus - určený pre malých a stredných klientov. 3 moduly: bežné a úsporné účty, terminované účty, úvery.

Gespeichert in:
Bibliographische Detailangaben
1. Verfasser: Bulla, V.
Format: Buchkapitel
Sprache:Slowakisch
Schlagworte:
Tags: Tag hinzufügen
Keine Tags, Fügen Sie das erste Tag hinzu!

MARC

LEADER 00000naa a2200000 4500
001 r015850
005 20221213113115.4
041 0 |a slo 
044 |a SK 
245 1 0 |a Retail Plus - prínos pre klienta i banku  |c V. Bulla 
520 |a Informácia o informačnom systéme Priemyselnej banky - skutočná on-line služba v oblasti korunových účtov. Výber a implementácia systému. Systém Retail Plus - určený pre malých a stredných klientov. 3 moduly: bežné a úsporné účty, terminované účty, úvery. 
610 2 0 |a banky obchodné 
610 2 0 |a Priemyselná banka, a.s. Košice 
610 2 0 |a systémy informačné 
610 2 0 |a systém on-line 
610 2 0 |a Retail Plus 
610 2 0 |a účty bežné 
610 2 0 |a účty bankové 
610 2 0 |a úver bankový 
610 2 0 |a styk platobný bezhotovostný 
610 2 0 |a styk platobný hotovostný 
610 2 0 |a zákazníci 
100 1 |a Bulla, V.